Bates' pocket guide to physical examination and history taking / (Record no. 21007)
[ view plain ]
| 000 -LEADER | |
|---|---|
| fixed length control field | 00810nam a2200265 a 4500 |
| 005 - DATE AND TIME OF LATEST TRANSACTION | |
| control field | 20140310183302.0 |
| 008 - FIXED-LENGTH DATA ELEMENTS--GENERAL INFORMATION | |
| fixed length control field | 050708s19uu xx 00 eng d |
| 020 ## - INTERNATIONAL STANDARD BOOK NUMBER | |
| International Standard Book Number | 9780781774932 |
| 050 ## - LIBRARY OF CONGRESS CALL NUMBER | |
| Classification number | RC 76 |
| Item number | .B38 2007 |
| 100 ## - MAIN ENTRY--PERSONAL NAME | |
| Personal name | Bickley, Lynn S. |
| 245 ## - TITLE STATEMENT | |
| Title | Bates' pocket guide to physical examination and history taking / |
| Statement of responsibility, etc | Lynn S. Bickley and Peter G. Szilagyi. |
| 250 ## - EDITION STATEMENT | |
| Edition statement | 4th ed. |
| 260 ## - PUBLICATION, DISTRIBUTION, ETC. (IMPRINT) | |
| Place of publication, distribution, etc | Philadelphia : |
| Name of publisher, distributor, etc | Lippincott Williams & Wilkins, |
| Date of publication, distribution, etc | 2007. |
| 300 ## - PHYSICAL DESCRIPTION | |
| Extent | 376 p. : |
| Other physical details | ill. ; |
| Dimensions | 18 p. : |
| 521 ## - TARGET AUDIENCE NOTE | |
| Target audience note | |
| 650 ## - SUBJECT ADDED ENTRY--TOPICAL TERM | |
| Topical term or geographic name as entry element | Physical diagnosis. |
| 650 ## - SUBJECT ADDED ENTRY--TOPICAL TERM | |
| Topical term or geographic name as entry element | Medical History Taking |
| General subdivision | Handbooks. |
| 650 ## - SUBJECT ADDED ENTRY--TOPICAL TERM | |
| Topical term or geographic name as entry element | Physical examination |
| General subdivision | Methods |
| -- | Handbooks, manuals, etc. |
| 942 ## - ADDED ENTRY ELEMENTS (KOHA) | |
| Koha item type | Books |
| Source of classification or shelving scheme | Library of Congress Classification |
| Call number prefix | Foreign |
| Withdrawn status | Lost status | Source of classification or shelving scheme | Damaged status | Home library | Current library | Shelving location | Date acquired | Source of acquisition | Total Checkouts | Full call number | Barcode | Date last seen | Copy number | Price effective from | Koha item type |
|---|---|---|---|---|---|---|---|---|---|---|---|---|---|---|---|
| Library of Congress Classification | Archives | Archives | 01/13/2014 | Donation | RC 76 .B38 2007 | C9497 | 05/15/2018 | 1 | 01/13/2014 | Books | |||||
| Library of Congress Classification | Archives | Archives | 01/13/2014 | Donation | RC 76 .B38 2007 | C9495 | 05/15/2018 | 2 | 01/13/2014 | Books | |||||
| Library of Congress Classification | Archives | Archives | 01/13/2014 | Donation | RC 76 .B38 2007 | C9494 | 05/15/2018 | 4 | 01/13/2014 | Books | |||||
| Library of Congress Classification | College Library | College Library | General Circulation Section | 01/13/2014 | Donation | RC 76 .B38 2007 | C9496 | 05/15/2018 | 3 | 01/13/2014 | Books | ||||
| Library of Congress Classification | College Library | College Library | General Circulation Section | 01/13/2014 | Donation | RC 76 .B38 2007 | C9493 | 05/15/2018 | 5 | 01/13/2014 | Books |